| 000 | 00981 a2200241 4500 | ||
|---|---|---|---|
| 003 | Nust | ||
| 005 | 20221017123133.0 | ||
| 010 | _a 79025974 | ||
| 020 | _a0839115539 | ||
| 040 | _cNust | ||
| 082 | 0 | 0 | _a617.89,ACO |
| 245 | 1 | 0 |
_aAcoustical factors affecting hearing aid performance / _cedited by Gerald A. Studebaker and Irving Hochberg. |
| 260 |
_aBaltimore : _bUniversity Park Press, _cc1980. |
||
| 300 |
_axiv, 450 p. : _bill. ; _c24 cm. |
||
| 440 | 0 |
_aPerspectives in audiology series _9100441 |
|
| 505 | _aAcoustical Effects of the Environment (Page-1), The External Ear, The Earmold and The Earphone (Page-107), Modeling Techniques (Page-266), Frequency Response Selection Techniques (Page-322). | ||
| 650 | 0 |
_aAcoustical engineering _xCongresses. _9100442 |
|
| 650 | 0 |
_aHearing aids _xCongresses. _9100443 |
|
| 650 | 0 |
_aHearing aids _xFitting _xCongresses. _9100444 |
|
| 700 | 1 |
_aHochberg, Irving. _9100445 |
|
| 700 | 1 |
_aStudebaker, Gerald A. _9100446 |
|
| 942 |
_2ddc _cBK |
||
| 999 |
_c183215 _d183215 |
||